| 000 | 00320nam a22001217a 4500 | ||
|---|---|---|---|
| 020 | _qPB. | ||
| 040 | _cFIZZA ISHAQ | ||
| 082 |
_a005.8 _bWIL |
||
| 100 |
_aEASTTOM,CHUCK WILLIAM. _989564 |
||
| 245 |
_aCOMPUTER SECURITY FUNDAMENTALS / _cWILLIAM CHUCK EASTTOM. |
||
| 260 |
_aNEW YORK ; _bPEARSON, _c2020. |
||
| 942 |
_2ddc _cBK |
||
| 999 |
_c588243 _d588243 |
||